000 00324nam a22001337a 4500
999 _c8066
_d8066
003 OSt
005 20200704124149.0
008 200704b ||||| |||| 00| 0 eng d
020 _a9789384204099
100 _aCOA
245 _aArchivng Architectural Thesis 2017
260 _a New Delhi
_bCouncil of Architecture
942 _2ddc